Výrobková certifikácia Preskúšavanie akosti výrobkov a výrobkovej schopnosti výrobcov
Akceptovateľnosť výrobkov a činností v rámci EÚ má zabezpečiť výrobkový certifikát. Udeľuje ho akreditovaná inšpekčná organizácia na základe presne určených pravidiel, postupov a predpisov. Od r.1996 sa na trhu neuplatnia výrobky bez certifikácie. Výrobky povinne preskúšavané a výrobky nepodliehajúc...
Guardado en:
| Autor principal: | |
|---|---|
| Formato: | Capítulo de libro |
| Lenguaje: | eslovaco |
| Materias: | |
| Etiquetas: |
Sin Etiquetas, Sea el primero en etiquetar este registro!
|
MARC
| LEADER | 00000naa a2200000 4500 | ||
|---|---|---|---|
| 001 | r016417 | ||
| 005 | 20221213113653.1 | ||
| 041 | 0 | |a slo | |
| 044 | |a SK | ||
| 245 | 1 | 0 | |a Výrobková certifikácia |b Preskúšavanie akosti výrobkov a výrobkovej schopnosti výrobcov |c P. Frischer |
| 520 | |a Akceptovateľnosť výrobkov a činností v rámci EÚ má zabezpečiť výrobkový certifikát. Udeľuje ho akreditovaná inšpekčná organizácia na základe presne určených pravidiel, postupov a predpisov. Od r.1996 sa na trhu neuplatnia výrobky bez certifikácie. Výrobky povinne preskúšavané a výrobky nepodliehajúce povinnému preskúšavaniu. Preskúšavanie výrobcu na základe dotazníka. Inšpekčné organizácie robia aj konkrétne prebierky výrobkov a preverujú kontrolné operácie (dozor počas výroby). Certifikácia zváračských škôl, postupové a pracovné skúšky zvárania. | ||
| 610 | 2 | 0 | |a Slovensko |
| 610 | 2 | 0 | |a Nemecko |
| 610 | 2 | 0 | |a kvalita výrobkov |
| 610 | 2 | 0 | |a riadenie kvality |
| 610 | 2 | 0 | |a certifikácia |
| 610 | 2 | 0 | |a ISO 9000 |
| 610 | 2 | 0 | |a normy |
| 610 | 2 | 0 | |a Európska únia |
| 610 | 2 | 0 | |a RWTÜV Bratislava |
| 100 | 1 | |a Frischer, P. | |